000 00343nam a2200133Ia 4500
008 151001s9999||||xx |||||||||||||| ||und||
100 _aसुदर्शन भाटीया
245 _aभूकंप
250 _a1
260 _bप्रकाशन विभाग
260 _c2008
300 _a65
365 _b21
999 _c992908
_d992905